[Event "Goa op 2nd"]
[Site "Taleigao"]
[Date "2019.06.20"]
[Round "4"]
[White "Venkatesh, Marani Rajendran"]
[Black "Shelke, Sankarsha"]
[Result "1-0"]
[WhiteElo "2490"]
[BlackElo "2239"]
[PlyCount "97"]
[EventDate "2019.06.18"]
[EventType "swiss"]
[EventRounds "10"]
[EventCountry "IND"]
[SourceTitle "CBM 191 Extra"]
[Source "ChessBase"]
[SourceDate "2019.09.30"]
[SourceVersion "1"]
[SourceVersionDate "2019.09.30"]
[SourceQuality "1"]

1. e4 c5 2. Nf3 e6 3. d3 Nc6 4. g3 d5 5. Nbd2 Nf6 6. Bg2 Be7 7. 0-0 0-0 8. Re1 b5 9. e5 Nd7 10. Nf1 b4 11. h4 a5 12. Bf4 a4 13. a3 bxa3 14. bxa3 Nd4 15. N1h2 Ba6 16. Nxd4 cxd4 17. Qg4 Kh8 18. Nf3 Qb6 19. Bg5 Bc5 20. Rab1 Qa7 21. Bc1 Nb8 22. Ng5 Nc6 23. Bxd5 f5 24. exf6 exd5 25. f7 Rxf7 26. Nxf7+ Qxf7 27. Qe6 Qxe6 28. Rxe6 Rc8 29. Bf4 Kg8 30. Bd6 Ba7 31. f4 Kf7 32. f5 Re8 33. Rbe1 Rc8 34. g4 Bb8 35. g5 Bxd6 36. Rxd6 Rc7 37. g6+ hxg6 38. fxg6+ Kf8 39. Rde6 Rc8 40. Rf1+ Kg8 41. Rb1 Kf8 42. h5 Kg8 43. Kh2 Kf8 44. Kg3 Kg8 45. Kh4 Kf8 46. Kg5 Kg8 47. h6 gxh6+ 48. Kxh6 Kh8 49. Rbe1 1-0

[Event "Mumbai Mayors Cup 12th"]
[Site "Mumbai"]
[Date "2019.06.12"]
[Round "6"]
[White "Shelke, Sankarsha"]
[Black "Nguyen, Van Huy"]
[Result "0-1"]
[WhiteElo "2239"]
[BlackElo "2456"]
[PlyCount "82"]
[EventDate "2019.06.09"]
[EventType "swiss"]
[EventRounds "10"]
[EventCountry "IND"]
[SourceTitle "CBM 190 Extra"]
[Source "ChessBase"]
[SourceDate "2019.07.15"]
[SourceVersion "1"]
[SourceVersionDate "2019.07.15"]
[SourceQuality "1"]

1. e4 c6 2. d4 d5 3. Nc3 dxe4 4. Nxe4 Bf5 5. Ng3 Bg6 6. h4 h6 7. Nf3 Nd7 8. h5 Bh7 9. Bd3 Bxd3 10. Qxd3 e6 11. Bd2 Ngf6 12. 0-0-0 Be7 13. Ne4 Qb6 14. Nxf6+ Bxf6 15. c4 c5 16. Bc3 0-0 17. Qc2 cxd4 18. Bxd4 Qa6 19. Kb1 Rac8 20. Bxf6 Nxf6 21. Rc1 Rfd8 22. Qe2 Qa5 23. Rc3 Qf5+ 24. Ka1 Nxh5 25. g3 Nf6 26. Rh4 Qc5 27. a3 a5 28. Rb3 Qc7 29. Ne5 Nd7 30. Ng4 Nc5 31. Re3 Qd7 32. Rh1 a4 33. Ne5 Qd2 34. Qh5 Rc7 35. g4 Qc2 36. g5 Rd2 37. Rb1 Nb3+ 38. Ka2 g6 39. Qh1 h5 40. Rh3 Rxf2 41. Ng4 Qxc4 0-1

[Event "Pune All India op 3rd"]
[Site "Pune"]
[Date "2019.05.01"]
[Round "5"]
[White "Muthaiah, Al"]
[Black "Shelke, Sankarsha"]
[Result "1/2-1/2"]
[WhiteElo "2423"]
[BlackElo "2221"]
[PlyCount "46"]
[EventDate "2019.04.29"]
[EventType "swiss"]
[EventRounds "8"]
[EventCountry "IND"]
[SourceTitle "CBM 190 Extra"]
[Source "ChessBase"]
[SourceDate "2019.07.15"]
[SourceVersion "1"]
[SourceVersionDate "2019.07.15"]
[SourceQuality "1"]

1. Nf3 d5 2. d3 Nf6 3. Bg5 e6 4. Nbd2 Be7 5. e4 0-0 6. Be2 c5 7. 0-0 Nc6 8. c3 d4 9. cxd4 Nxd4 10. Nxd4 Qxd4 11. a4 Qxb2 12. Nc4 Qd4 13. Qb3 Qd8 14. a5 Nd5 15. Bxe7 Nxe7 16. Qa3 Qd4 17. Nd2 Nc6 18. Nb3 Qd6 19. Rfc1 Rb8 20. Qxc5 Qxc5 21. Nxc5 Nd4 22. Bd1 e5 23. Rab1 b6 1/2-1/2

[Event "Pune All India op 3rd"]
[Site "Pune"]
[Date "2019.05.01"]
[Round "6"]
[White "Shelke, Sankarsha"]
[Black "Shyam, Nikil P"]
[Result "1/2-1/2"]
[WhiteElo "2221"]
[BlackElo "2429"]
[PlyCount "44"]
[EventDate "2019.04.29"]
[EventType "swiss"]
[EventRounds "8"]
[EventCountry "IND"]
[SourceTitle "CBM 190 Extra"]
[Source "ChessBase"]
[SourceDate "2019.07.15"]
[SourceVersion "1"]
[SourceVersionDate "2019.07.15"]
[SourceQuality "1"]

1. e4 c5 2. Nf3 d6 3. d4 cxd4 4. Nxd4 Nf6 5. Nc3 a6 6. Bg5 Nc6 7. f4 Bd7 8. Qd2 e6 9. 0-0-0 Be7 10. Nf3 b5 11. a3 b4 12. axb4 Nxb4 13. Kb1 Qa5 14. Bc4 Qc5 15. Qd4 Rc8 16. Bb3 Qxd4 17. Rxd4 Nc6 18. Rd3 Na5 19. Ba2 Nc6 20. Bb3 Na5 21. Ba2 Nc6 22. Bb3 Na5 1/2-1/2

[Event "Aurangabad MyBrain op 1st"]
[Site "Aurangabad"]
[Date "2018.04.29"]
[Round "9"]
[White "Shelke, Sankarsha"]
[Black "Bhambure, Shantanu"]
[Result "1/2-1/2"]
[WhiteElo "1771"]
[BlackElo "2183"]
[PlyCount "50"]
[EventDate "2018.04.28"]
[EventType "swiss (rapid)"]
[EventRounds "9"]
[EventCountry "IND"]
[SourceTitle "CBM 184 Extra"]
[Source "ChessBase"]
[SourceDate "2018.06.28"]
[SourceVersion "1"]
[SourceVersionDate "2018.06.28"]
[SourceQuality "1"]

1. e4 c6 2. d4 d5 3. Nc3 dxe4 4. Nxe4 Bf5 5. Ng3 Bg6 6. h4 h6 7. Nf3 Nd7 8. h5 Bh7 9. Bd3 Bxd3 10. Qxd3 e6 11. Bd2 Qc7 12. 0-0-0 Ngf6 13. Ne4 0-0-0 14. g3 Nxe4 15. Qxe4 Bd6 16. c4 c5 17. Bc3 cxd4 18. Nxd4 a6 19. Nb3 Nf6 20. Qe2 Qc6 21. Na5 Qb6 22. Nb3 Qc6 23. Na5 Qc7 24. Nb3 Qc6 25. Na5 Qc7 1/2-1/2

[Event "Aurangabad MyBrain op 1st"]
[Site "Aurangabad"]
[Date "2018.04.29"]
[Round "7"]
[White "Shelke, Sankarsha"]
[Black "Deshpande, Aniruddha"]
[Result "1/2-1/2"]
[WhiteElo "1771"]
[BlackElo "2198"]
[PlyCount "128"]
[EventDate "2018.04.28"]
[EventType "swiss (rapid)"]
[EventRounds "9"]
[EventCountry "IND"]
[SourceTitle "CBM 184 Extra"]
[Source "ChessBase"]
[SourceDate "2018.06.28"]
[SourceVersion "1"]
[SourceVersionDate "2018.06.28"]
[SourceQuality "1"]

1. e4 c5 2. Nf3 g6 3. d4 cxd4 4. Nxd4 Nc6 5. Be3 Bg7 6. c4 Nf6 7. Nc3 d6 8. Be2 0-0 9. 0-0 Bd7 10. Qd2 Rc8 11. f3 a6 12. Rac1 Nxd4 13. Bxd4 Bc6 14. Nd5 Bxd5 15. cxd5 Qd7 16. Qb4 Bh6 17. Rxc8 Rxc8 18. Bc3 Qc7 19. Qd4 Bg7 20. Rc1 Nh5 21. Qe3 Qc5 22. Qxc5 Rxc5 23. g3 b5 24. a3 Bd4+ 25. Kf1 Nf6 26. Ke1 Bg1 27. h3 Be3 28. Rd1 Nh5 29. Rd3 Bg1 30. f4 Rc4 31. Bxh5 gxh5 32. Kf1 Bb6 33. e5 Kf8 34. exd6 exd6 35. Kg2 Ke8 36. Kf3 f5 37. Rd2 Bc5 38. Re2+ Kf7 39. Re6 Bd4 40. Bxd4 Rxd4 41. Rxd6 Rd3+ 42. Kf2 Rd2+ 43. Ke3 Rxb2 44. Rxa6 Rb3+ 45. Kd4 Rxg3 46. Ke5 Rxh3 47. Kxf5 Rd3 48. Ra7+ Ke8 49. Rxh7 Rxa3 50. Ke6 Re3+ 51. Kd6 Rf3 52. f5 Rxf5 53. Ke6 Rf1 54. Rh8+ Rf8 55. Rxh5 Kd8 56. Kd6 Rf6+ 57. Ke5 Rg6 58. Rh7 Ke8 59. Rb7 Kd8 60. Rxb5 Ke8 61. Rb7 Kd8 62. Kd4 Kc8 63. Ra7 Kd8 64. Kc5 Kc8 1/2-1/2

[Event "Aurangabad MyBrain op 1st"]
[Site "Aurangabad"]
[Date "2018.04.28"]
[Round "4"]
[White "Shashikant, Kutwal"]
[Black "Shelke, Sankarsha"]
[Result "1-0"]
[WhiteElo "2308"]
[BlackElo "1771"]
[PlyCount "90"]
[EventDate "2018.04.28"]
[EventType "swiss (rapid)"]
[EventRounds "9"]
[EventCountry "IND"]
[SourceTitle "CBM 184 Extra"]
[Source "ChessBase"]
[SourceDate "2018.06.28"]
[SourceVersion "1"]
[SourceVersionDate "2018.06.28"]
[SourceQuality "1"]

1. e4 c5 2. Nf3 e6 3. d4 cxd4 4. Nxd4 a6 5. Nc3 Qc7 6. Bd3 Nf6 7. 0-0 Nc6 8. Nb3 Be7 9. f4 d6 10. Bd2 0-0 11. Qf3 b5 12. Kh1 Bb7 13. Qh3 Rac8 14. Rae1 b4 15. Nd1 Rfd8 16. c4 bxc3 17. Nxc3 Qb8 18. f5 exf5 19. Nd5 Re8 20. Nxf6+ Bxf6 21. e5 Nxe5 22. Bxf5 Rc4 23. Bxh7+ Kf8 24. Bf4 Qc8 25. Bf5 Qc7 26. Nd2 Rd4 27. Ne4 Bxe4 28. Bxe4 Qc4 29. b3 Qb4 30. a3 Qxa3 31. Bc1 Qb4 32. Qf5 Ng6 33. Bh6 Rdxe4 34. Qxf6 R8e7 35. Qxg7+ Ke8 36. Rxe4 Qxe4 37. Bg5 Qf5 38. Qg8+ Kd7 39. Rc1 Re8 40. Qg7 Qxg5 41. Qxf7+ Re7 42. Qc4 Ke8 43. Qg8+ Kd7 44. Qc4 Qc5 45. Qg4+ Kd8 1-0

[Event "Mumbai Mayors Cup 10th"]
[Site "Mumbai"]
[Date "2017.06.11"]
[Round "10"]
[White "Das, Sayantan"]
[Black "Shelke, Sankarsha"]
[Result "1-0"]
[WhiteElo "2396"]
[BlackElo "2185"]
[PlyCount "79"]
[EventDate "2017.06.04"]
[EventType "swiss"]
[EventRounds "10"]
[EventCountry "IND"]
[SourceTitle "CBM 178 Extra"]
[Source "ChessBase"]
[SourceDate "2017.06.22"]
[SourceVersion "1"]
[SourceVersionDate "2017.06.22"]
[SourceQuality "1"]

1. e4 e5 2. Nf3 Nc6 3. Bb5 a6 4. Ba4 Nf6 5. 0-0 Be7 6. Re1 b5 7. Bb3 d6 8. c3 0-0 9. h3 Nb8 10. d4 Nbd7 11. a4 Bb7 12. Bc2 Re8 13. Nbd2 Bf8 14. b4 c6 15. Nb3 Rc8 16. Bd2 Nb6 17. axb5 cxb5 18. Na5 Ba8 19. d5 Nfd7 20. Bd3 Be7 21. Qb3 Qc7 22. Rec1 Nc4 23. Qc2 f5 24. Bg5 Bxg5 25. Nxg5 Nf6 26. f3 Qb6+ 27. Qf2 Qxf2+ 28. Kxf2 h6 29. Ne6 fxe4 30. fxe4 Nd2 31. Ke3 Ndxe4 32. Bxe4 Nxd5+ 33. Kd2 Nb6 34. Bf5 Nc4+ 35. Nxc4 Rxc4 36. Rxa6 Bxg2 37. Rg1 Be4 38. Rxg7+ Kh8 39. Rh7+ Kg8 40. Raa7 1-0

[Event "Mumbai Mayors Cup 10th"]
[Site "Mumbai"]
[Date "2017.06.10"]
[Round "9"]
[White "Shelke, Sankarsha"]
[Black "Laxman, Rajaram"]
[Result "1/2-1/2"]
[WhiteElo "2185"]
[BlackElo "2417"]
[PlyCount "194"]
[EventDate "2017.06.04"]
[EventType "swiss"]
[EventRounds "10"]
[EventCountry "IND"]
[SourceTitle "CBM 178 Extra"]
[Source "ChessBase"]
[SourceDate "2017.06.22"]
[SourceVersion "1"]
[SourceVersionDate "2017.06.22"]
[SourceQuality "1"]

1. e4 e5 2. Nf3 Nc6 3. Bb5 a6 4. Ba4 Nf6 5. 0-0 Be7 6. Re1 b5 7. Bb3 0-0 8. c3 d6 9. h3 Na5 10. Bc2 c5 11. d4 Qc7 12. Nbd2 cxd4 13. cxd4 Nc6 14. Nb3 a5 15. Be3 a4 16. Nbd2 Bd7 17. Rc1 Rac8 18. Bb1 Qb7 19. Qe2 Rfe8 20. d5 Nb4 21. Nf1 Na6 22. Ng3 Bd8 23. Rxc8 Bxc8 24. Rc1 Bd7 25. Qd2 g6 26. Ne1 Kh8 27. b4 axb3 28. axb3 Bb6 29. Nd3 Ng8 30. Kh2 f6 31. f4 Qa7 32. Bxb6 Qxb6 33. Rf1 Nc5 34. fxe5 fxe5 35. Rf7 Nxd3 36. Bxd3 Re7 37. Rf8 Kg7 38. Qf2 Qxf2 39. Rxf2 h5 40. Ra2 h4 41. Ne2 Nf6 42. Ra6 Ne8 43. Rb6 g5 44. Nc3 Rf7 45. Nxb5 Bxb5 46. Bxb5 Nf6 47. Bd3 Nh5 48. Rxd6 Rf2 49. Rd7+ Kf8 50. Kg1 Rd2 51. Bc4 Nf6 52. Ra7 Nxe4 53. Ra1 Ng3 54. b4 Ke7 55. Rb1 Rc2 56. Bf1 e4 57. b5 e3 58. Bd3 Rd2 59. b6 Rxd3 60. b7 e2 61. b8Q Rd1+ 62. Kh2 Nf1+ 63. Kg1 Nd2+ 64. Kh2 Rxb1 65. Qe5+ Kd7 66. Qe6+ Kd8 67. Qd6+ Kc8 68. Qc6+ Kb8 69. Qd6+ Ka7 70. Qc7+ Ka6 71. Qc6+ Ka5 72. Qc5+ Ka4 73. Qd4+ Kb5 74. Qd3+ Kc5 75. Qe3+ Kd6 76. Qe6+ Kc7 77. Qc6+ Kb8 78. Qd6+ Kb7 79. Qc6+ Ka7 80. Qc7+ Ka6 81. Qc6+ Ka5 82. Qc5+ Ka4 83. Qd4+ Ka3 84. Qd3+ Ka4 85. Qd4+ Kb5 86. Qd3+ Kb6 87. Qe3+ Kb7 88. Qe7+ Ka8 89. Qd8+ Ka7 90. Qc7+ Ka6 91. Qc6+ Ka5 92. Qc5+ Ka4 93. Qd4+ Kb5 94. Qd3+ Kc5 95. Qe3+ Kd6 96. Qe6+ Kc7 97. Qc6+ Kb8 1/2-1/2

[Event "IND-ch U13"]
[Site "Gujarath"]
[Date "2016.07.30"]
[Round "11"]
[White "Shelke, Sankarsha"]
[Black "Koustav, Chatterjee"]
[Result "0-1"]
[WhiteElo "2165"]
[BlackElo "2040"]
[PlyCount "92"]
[EventDate "2016.07.22"]
[EventType "swiss"]
[EventRounds "11"]
[EventCountry "IND"]
[SourceTitle "EXT 2017"]
[Source "ChessBase"]
[SourceDate "2016.10.25"]
[SourceVersion "1"]
[SourceVersionDate "2016.10.25"]
[SourceQuality "1"]

1. e4 c5 2. Nf3 e6 3. d4 cxd4 4. Nxd4 Nc6 5. Nc3 Qc7 6. Be3 a6 7. Bd3 b5 8. 0-0 Bb7 9. Qe2 Nf6 10. a3 Rc8 11. f4 Nxd4 12. Bxd4 Bc5 13. Bxc5 Qxc5+ 14. Kh1 d5 15. e5 Ne4 16. f5 exf5 17. Rxf5 g6 18. Rf3 0-0 19. Raf1 Rce8 20. Bxe4 dxe4 21. Rf6 Rxe5 22. Qg4 e3 23. Qf4 e2 24. Re1 Qe7 25. Kg1 Re8 26. Qf2 a5 27. Rf4 b4 28. axb4 axb4 29. Na2 b3 30. cxb3 Rg5 31. g3 Ba8 32. Ra4 Qb7 33. Rxa8 Qxa8 34. Nc3 Rge5 35. Rxe2 Rxe2 36. Nxe2 Qa1+ 37. Kg2 Qxb2 38. Kf1 Qxb3 39. Nf4 Qd1+ 40. Kg2 Rc8 41. Kh3 Rc2 42. Qe3 Qd7+ 43. g4 Qc7 44. Qe4 Qc3+ 45. Kh4 Rxh2+ 46. Kg5 h6# 0-1

[Event "IND-ch U13"]
[Site "Gujarath"]
[Date "2016.07.27"]
[Round "8"]
[White "Anuj, Shrivatri"]
[Black "Shelke, Sankarsha"]
[Result "0-1"]
[WhiteElo "1691"]
[BlackElo "2165"]
[PlyCount "100"]
[EventDate "2016.07.22"]
[EventType "swiss"]
[EventRounds "11"]
[EventCountry "IND"]
[SourceTitle "EXT 2017"]
[Source "ChessBase"]
[SourceDate "2016.10.25"]
[SourceVersion "1"]
[SourceVersionDate "2016.10.25"]
[SourceQuality "1"]

1. d4 d5 2. c4 c6 3. Nf3 Nf6 4. Nbd2 Bf5 5. Nh4 Be6 6. e3 g6 7. Bd3 Bg7 8. 0-0 0-0 9. Nhf3 Bg4 10. h3 Bxf3 11. Nxf3 e6 12. b3 Ne4 13. Bb2 f5 14. Ne5 Nd7 15. f4 Ndf6 16. a3 Qe8 17. a4 Kh8 18. b4 g5 19. fxg5 Nxg5 20. Qe1 Rg8 21. Qh4 Nfe4 22. cxd5 Bxe5 23. dxe5 Nd2 24. Kh1 Nxf1 25. Rxf1 cxd5 26. Rxf5 Qg6 27. Rxg5 Qxd3 28. Rxg8+ Kxg8 29. Qe7 Qf1+ 30. Kh2 Qf7 31. Qd6 Kh8 32. Bc3 Rg8 33. Be1 Qg6 34. g4 h5 35. Bh4 hxg4 36. Bf6+ Kh7 37. Qc7+ Kh6 38. e4 gxh3 39. Qc1+ Kh5 40. Qd1+ Qg4 41. Qxg4+ Kxg4 42. exd5 exd5 43. e6 Re8 44. e7 a6 45. b5 axb5 46. axb5 d4 47. Bxd4 Rxe7 48. Ba7 Re2+ 49. Kg1 h2+ 50. Kh1 Kh3 0-1

[Event "IND-ch U13"]
[Site "Gujarath"]
[Date "2016.07.24"]
[Round "4"]
[White "Srihari, LR."]
[Black "Shelke, Sankarsha"]
[Result "0-1"]
[WhiteElo "1749"]
[BlackElo "2165"]
[PlyCount "82"]
[EventDate "2016.07.22"]
[EventType "swiss"]
[EventRounds "11"]
[EventCountry "IND"]
[SourceTitle "EXT 2017"]
[Source "ChessBase"]
[SourceDate "2016.10.25"]
[SourceVersion "1"]
[SourceVersionDate "2016.10.25"]
[SourceQuality "1"]

1. e4 c5 2. Nf3 e6 3. d4 cxd4 4. Nxd4 a6 5. Bd3 Nf6 6. 0-0 Qc7 7. Nc3 d6 8. h3 Nbd7 9. Nb3 Be7 10. Be3 0-0 11. a4 b6 12. f4 Bb7 13. Qf3 Nc5 14. Nxc5 bxc5 15. b3 d5 16. Bd2 c4 17. e5 cxd3 18. exf6 Bxf6 19. Qxd3 Rac8 20. Rf3 d4 21. Ne4 Bxe4 22. Qxe4 Qxc2 23. Rd3 Qc6 24. Qe2 Rfd8 25. Rf1 Rd5 26. Rff3 Qd7 27. g4 e5 28. fxe5 Bxe5 29. Bf4 Bf6 30. Qd2 g6 31. Bh6 Be5 32. Rf1 Rdc5 33. Rf2 Qd5 34. Rdf3 f6 35. Qd3 a5 36. g5 f5 37. Rd2 Qe4 38. Re2 Rc1+ 39. Kg2 R1c2 40. Rxc2 Rxc2+ 41. Kf1 Rc1+ 0-1

[Event "Mumbai Mayors Cup 9th"]
[Site "Mumbai"]
[Date "2016.06.02"]
[Round "1"]
[White "Shelke, Sankarsha"]
[Black "Popov, Ivan1111"]
[Result "0-1"]
[WhiteElo "2003"]
[BlackElo "2648"]
[PlyCount "100"]
[EventDate "2016.06.02"]
[EventType "swiss"]
[EventRounds "10"]
[EventCountry "IND"]
[SourceTitle "CBM 173 Extra"]
[Source "ChessBase"]
[SourceDate "2016.08.29"]
[SourceVersion "1"]
[SourceVersionDate "2016.08.29"]
[SourceQuality "1"]

1. e4 c5 2. Nf3 d6 3. d4 cxd4 4. Nxd4 Nf6 5. Nc3 a6 6. Bg5 Nbd7 7. f4 Qc7 8. Qf3 h6 9. Bxf6 Nxf6 10. f5 e5 11. Nb3 b5 12. 0-0-0 Bb7 13. Nd5 Nxd5 14. exd5 Be7 15. Bd3 Qb6 16. Kb1 a5 17. Nd2 h5 18. Ne4 Rh6 19. Rhf1 b4 20. h3 Kf8 21. Nf2 a4 22. Be4 a3 23. b3 Rc8 24. c4 bxc3 25. Bc2 Bf6 26. Ne4 h4 27. Rfe1 Ke7 28. Re3 Rhh8 29. Re2 Rc4 30. Qe3 Qb4 31. Ree1 Rhc8 32. Ka1 Kd7 33. Qf3 Rd4 34. Rxd4 Qxd4 35. Rd1 Qb6 36. Qh5 Ke7 37. Nxf6 gxf6 38. Qxh4 Rc5 39. Qf2 Qb5 40. Qe3 Rxd5 41. Qxc3 Rxd1+ 42. Bxd1 Bxg2 43. b4 Qf1 44. Qc7+ Kf8 45. Qxd6+ Kg7 46. Kb1 Be4+ 47. Kc1 Qc4+ 48. Kd2 Qxa2+ 49. Ke3 Qb1 50. Qa6 a2 0-1

[Event "Mumbai Wealth op"]
[Site "Mumbai"]
[Date "2016.02.05"]
[Round "9"]
[White "Shelke, Sankarsha"]
[Black "Patil, Ketan Anil"]
[Result "1-0"]
[WhiteElo "2032"]
[BlackElo "1692"]
[PlyCount "135"]
[EventDate "2016.01.28"]
[EventType "swiss"]
[EventRounds "9"]
[EventCountry "IND"]
[SourceTitle "CBM 170 Extra"]
[Source "ChessBase"]
[SourceDate "2016.02.25"]
[SourceVersion "1"]
[SourceVersionDate "2016.02.25"]
[SourceQuality "1"]

1. b3 e5 2. Bb2 Nc6 3. e3 Nf6 4. Bb5 Bd6 5. Na3 e4 6. f4 a6 7. Bxc6 dxc6 8. Nc4 Bg4 9. Ne2 Qe7 10. 0-0 0-0-0 11. h3 Bxe2 12. Qxe2 h5 13. Be5 h4 14. Nxd6+ cxd6 15. Bxf6 gxf6 16. a4 Qd7 17. b4 Rdg8 18. Kh2 Rg3 19. c4 Rhg8 20. Rf2 c5 21. bxc5 dxc5 22. Qh5 Qe6 23. Qxc5+ Kb8 24. Rb1 f5 25. Rb6 Qd7 26. Qb4 R3g6 27. Rxg6 Rxg6 28. Rf1 Rd6 29. c5 Rd3 30. Rb1 Qc6 31. Qa5 Qg6 32. Kh1 Ka8 33. Qc7 Qc6 34. Qxc6 bxc6 35. Rb6 Rxd2 36. Rxc6 Rd3 37. Rxa6+ Kb7 38. Rf6 Rxe3 39. Rxf7+ Kc6 40. Rxf5 Ra3 41. Re5 Rxa4 42. f5 Ra1+ 43. Kh2 Re1 44. f6 e3 45. f7 Rf1 46. Rxe3 Rxf7 47. Re5 Rf4 48. Rg5 Rf6 49. Kg1 Kb5 50. g3 hxg3 51. Kg2 Kc6 52. h4 Kd7 53. Kxg3 Rf1 54. Re5 Kc6 55. Kg4 Rg1+ 56. Kh5 Rh1 57. Kg5 Rg1+ 58. Kh6 Rh1 59. h5 Rh2 60. Kg6 Rg2+ 61. Rg5 Ra2 62. h6 Ra8 63. h7 Rd8 64. Kg7 Rd7+ 65. Kh6 Rd8 66. Rg8 Rd1 67. h8Q Rh1+ 68. Kg5 1-0

[Event "Mumbai Wealth op U13"]
[Site "Mumbai"]
[Date "2016.02.04"]
[Round "8"]
[White "Aditya, Mittal"]
[Black "Shelke, Sankarsha"]
[Result "1-0"]
[WhiteElo "1960"]
[BlackElo "2032"]
[PlyCount "78"]
[EventDate "2016.01.28"]
[EventType "swiss"]
[EventRounds "9"]
[EventCountry "IND"]
[SourceTitle "CBM 170 Extra"]
[Source "ChessBase"]
[SourceDate "2016.02.25"]
[SourceVersion "1"]
[SourceVersionDate "2016.02.25"]
[SourceQuality "1"]

1. d4 Nf6 2. c4 Nc6 3. Nc3 e5 4. d5 Ne7 5. e3 Ng6 6. Bd3 Bb4 7. Bd2 a6 8. Nge2 0-0 9. 0-0 d6 10. a3 Bc5 11. b4 Ba7 12. Ng3 Bd7 13. a4 c6 14. dxc6 bxc6 15. a5 Ne8 16. Na4 Nc7 17. c5 d5 18. Nb6 Rb8 19. e4 d4 20. Nf5 Ne7 21. Nd6 Nb5 22. Bxb5 cxb5 23. f4 Bxb6 24. axb6 Nc8 25. fxe5 Nxd6 26. exd6 Bc6 27. Qg4 Re8 28. Bg5 Qd7 29. Qxd7 Bxd7 30. Be7 Bc6 31. Rxa6 Bxe4 32. Ra7 d3 33. d7 Rxe7 34. d8Q+ Rxd8 35. Rxe7 f5 36. b7 d2 37. Rd1 Kf8 38. Rc7 Ke8 39. Rxd2 Ra8 1-0

[Event "Mumbai Wealth op U13"]
[Site "Mumbai"]
[Date "2016.02.01"]
[Round "5"]
[White "Sadhwani, Raunak"]
[Black "Shelke, Sankarsha"]
[Result "1/2-1/2"]
[WhiteElo "2104"]
[BlackElo "2032"]
[PlyCount "97"]
[EventDate "2016.01.28"]
[EventType "swiss"]
[EventRounds "9"]
[EventCountry "IND"]
[SourceTitle "CBM 170 Extra"]
[Source "ChessBase"]
[SourceDate "2016.02.25"]
[SourceVersion "1"]
[SourceVersionDate "2016.02.25"]
[SourceQuality "1"]

1. e4 e5 2. Nf3 Nc6 3. d4 exd4 4. Bc4 Nf6 5. e5 d5 6. Bb5 Ne4 7. Nxd4 Bc5 8. Be3 Bd7 9. Bxc6 bxc6 10. 0-0 Qe7 11. f3 Nd6 12. f4 0-0 13. c3 f6 14. e6 Bxe6 15. Re1 Bd7 16. Nd2 Qf7 17. Qf3 Rfe8 18. Rac1 Ne4 19. b4 Bb6 20. a4 Nxc3 21. a5 Bxd4 22. Bxd4 Nb5 23. Bc5 a6 24. Nb3 Nd6 25. Rxe8+ Rxe8 26. Qd3 Nc4 27. Nd2 Bf5 28. Qc3 Nxd2 29. Qxd2 Qh5 30. Re1 Be4 31. Qe2 Qg6 32. Qf1 Re6 33. Re3 Re8 34. g3 Ra8 35. Bd4 h5 36. Qc1 Qg4 37. Qf1 Rb8 38. Bc5 Rb5 39. h3 Qf5 40. Kh2 d4 41. Qc4+ Bd5 42. Qd3 Qxd3 43. Rxd3 Rb8 44. Rxd4 Re8 45. Kg1 Re2 46. Kf1 Rb2 47. Ke1 Kf7 48. Kd1 Ke6 49. Rd3 1/2-1/2

[Event "IND-ch U13 29th"]
[Site "Gurgaon"]
[Date "2015.09.05"]
[Round "9"]
[White "Shelke, Sankarsha"]
[Black "Aditya, Mittal"]
[Result "1/2-1/2"]
[WhiteElo "2034"]
[BlackElo "1755"]
[PlyCount "136"]
[EventDate "2015.08.30"]
[EventType "swiss"]
[EventRounds "11"]
[EventCountry "IND"]
[SourceTitle "EXT 2016"]
[Source "ChessBase"]
[SourceDate "2015.10.08"]
[SourceVersion "1"]
[SourceVersionDate "2015.10.08"]
[SourceQuality "1"]

1. b3 d5 2. Bb2 e6 3. f4 Nf6 4. Nf3 Bd6 5. e3 Nbd7 6. Be2 0-0 7. 0-0 c6 8. Qe1 Qc7 9. Qh4 e5 10. fxe5 Nxe5 11. Nxe5 Bxe5 12. d4 Bd6 13. Bd3 Ne4 14. Bxe4 dxe4 15. Nd2 f5 16. Nc4 Rf6 17. Nxd6 Qxd6 18. Qf2 Rh6 19. g3 Be6 20. c4 Rf8 21. a4 Rf7 22. Qd2 b6 23. Rad1 Rd7 24. Qc2 Rg6 25. d5 cxd5 26. cxd5 Bxd5 27. Rxf5 Qc6 28. Qf2 Bf7 29. Rf1 Qb7 30. Qf4 h6 31. Qe5 Kh7 32. b4 Bg8 33. Rf8 Re7 34. Qf5 Qd7 35. Qf4 Qc7 36. Qf2 Qd7 37. Bd4 Qc7 38. Qf5 Qd7 39. Qxd7 Rxd7 40. Re8 Re6 41. Ra8 Bf7 42. h4 Bh5 43. Rf4 Bf3 44. Rc8 Ree7 45. Rff8 Rc7 46. Kf2 Bg4 47. Rxc7 Rxc7 48. a5 bxa5 49. bxa5 a6 50. Re8 Bf5 51. Ke2 h5 52. Kd2 Kg6 53. Bb6 Rd7+ 54. Kc2 Bg4 55. Kc3 Bf3 56. Re5 Rd3+ 57. Kb4 Rd1 58. Bd4 Rb1+ 59. Kc4 Rb7 60. Bb6 Be2+ 61. Kc5 Bd3 62. Rg5+ Kh6 63. Kc6 Rf7 64. Bd4 Re7 65. Be5 Rf7 66. Bf4 g6 67. Be5 Rf5 68. Rxf5 gxf5 1/2-1/2

[Event "IND-ch U11"]
[Site "Odisha"]
[Date "2014.07.29"]
[Round "8"]
[White "Shelke, Sankarsha"]
[Black "Om, Kharola"]
[Result "1-0"]
[WhiteElo "1857"]
[BlackElo "1690"]
[PlyCount "53"]
[EventDate "2014.07.24"]
[EventType "swiss"]
[EventRounds "11"]
[EventCountry "IND"]
[SourceTitle "CBM 161 Extra"]
[Source "ChessBase"]
[SourceDate "2014.08.29"]
[SourceVersion "1"]
[SourceVersionDate "2014.08.29"]
[SourceQuality "1"]

1. e4 e5 2. Nf3 Nc6 3. Bb5 Nd4 4. Nxd4 exd4 5. d3 Bc5 6. 0-0 c6 7. Bc4 h5 8. Nd2 b5 9. Bb3 d5 10. exd5 cxd5 11. Re1+ Ne7 12. Nf3 a5 13. a4 b4 14. Ne5 Be6 15. Bf4 Ra6 16. Nf3 Ng6 17. Be5 f6 18. Bxd4 Be7 19. Qd2 Bg4 20. Re3 Qd7 21. Bc5 d4 22. Nxd4 Ne5 23. Bxe7 Qxd4 24. Re4 Qa7 25. d4 Qb7 26. dxe5 Qxe4 27. Qd8# 1-0

[Event "IND-ch U11"]
[Site "Odisha"]
[Date "2014.07.27"]
[Round "5"]
[White "Vel, Vishwanathan GM"]
[Black "Shelke, Sankarsha"]
[Result "1/2-1/2"]
[WhiteElo "1521"]
[BlackElo "1857"]
[PlyCount "47"]
[EventDate "2014.07.24"]
[EventType "swiss"]
[EventRounds "11"]
[EventCountry "IND"]
[SourceTitle "CBM 161 Extra"]
[Source "ChessBase"]
[SourceDate "2014.08.29"]
[SourceVersion "1"]
[SourceVersionDate "2014.08.29"]
[SourceQuality "1"]

1. e4 c5 2. Nf3 e6 3. d4 cxd4 4. Nxd4 a6 5. c4 Nf6 6. Bd3 Nc6 7. Nb3 Be7 8. 0-0 d6 9. Nc3 0-0 10. a3 b6 11. Be3 Bb7 12. f4 Rc8 13. g4 Nd7 14. g5 Nc5 15. Nxc5 dxc5 16. Rf3 e5 17. Rh3 g6 18. Nd5 exf4 19. Bxf4 Nd4 20. Qg4 Rc6 21. Re3 Re6 22. Nc7 Rc6 23. Nd5 Bc8 24. Qg3 1/2-1/2